Responses for Show #4351 - Monday, June 30, 2003

Seth Alcorn game 4.

Contestants

[<< previous game]

Carol Curtis, a human resources manager from Troy, Michigan

Matt McPherson, a recent MBA graduate from San Francisco, California

Seth Alcorn, a bookseller from Placentia, California (whose 3-day cash winnings total $106,400)

[next game >>]

Jeopardy! Round responses

HISTORY
U.S. IMPORTS
A TRIP TO THE TOWER OF LONDON
KELLY GIRLS
LINE 'EM UP
A "COCK"-EYED CATEGORY
    $200 2
Napoleon Bonaparte

Matt
    $200 7
Canada

Carol
    $200 1
rope

Triple Stumper
    $200 13
Kelly Preston

Seth
    $200 24
(Matt: What is Russia, Australia & the United States?)

Russia, United States, Australia

SethMatt
    $200 14
cocktail

Seth
    $400 3
Africa

Matt
    $400 8
apples

Seth
    $400 9
Thames

Matt
    $400 16
Survivor

Triple Stumper
    $400 25
(Alex: Minute to go now.)

Pluto, Uranus, Mars

Seth
    $400 15
cockfight

Matt
    $600 4
Switzerland

Seth
    $600 17
graphite

Seth
    $600 10
Thomas Becket

Matt
    $600 23
Ripley's Believe It or Not!

Triple Stumper
    $600 26
(Matt: What are The Birds, Birdman of Alcatraz and The Birdcage?)

Birdman of Alcatraz, The Birds, The Birdcage

MattCarol
    $600 18
Joe Cocker

Seth
    $800 5
Ivan the Terrible

Matt
    $1,000 21
(Matt: What is oil?)

caviar

Matt
    $800 11
Samuel Pepys

Seth
    $800 27
Kelly Ripa

Seth
    $800 28
Nile, Volga, Po

Matt
    $800 19
cock and bull story

Seth
    $1000 6
Yitzhak Rabin

Matt
    $1000 22
(Alex: Don't ask me what we use it for!)

strontium

Triple Stumper
    $1000 12
(Matt: Who is Albert Speer?)

Rudolf Hess

SethMatt
    $1000 30
Kelly Lynch

Triple Stumper
    $1000 29
Helsinki, Warsaw, Pretoria

Matt
    $1000 20
cockatiel

Matt

Scores at the first commercial break (after clue 15):

Seth Matt Carol
$3,200 $2,800 $200

Scores at the end of the Jeopardy! Round:

Seth Matt Carol
$6,600 $3,800 $800

Double Jeopardy! Round responses

I'VE GOT YOU UNDER MY SKIN
ANYTHING GOES
WHERE, OH WHERE?
MY HEART BELONGS TO DADDY
BRUSH UP YOUR SHAKESPEARE
YOU'RE THE "TOP"
    $400 15
palate

Carol
    $400 21
Slinky

Matt
    $400 10
Paris

Carol
    $400 26
Joel & Jennifer Grey

Carol
    $400 3
Romeo

Seth
    $400 1
big top

Carol
    $800 16
heart

Carol
    $800 22
grapes

Matt
    $1,600 12
(Carol: [No response])
...
(Alex: And it's not Saskatchewan!)

Alberta

Carol
    $800 27
Bridget Fonda

Seth
    $800 4
Macbeth

Matt
    $800 2
Carrot Top

Seth
    $1200 17
white blood cells

Matt
    $1200 23
Truman Capote

Matt
    $1200 13
Belarus

Triple Stumper
    $1200 28
Mel Tillis

Carol
    $1200 5
King Lear

Matt
    $1200 8
Flattop

Matt
    $1600 19
trachea

Matt
    $1600 24
Rod Laver

Carol
    $1600 14
(Matt: What is Morocco?)

Tunisia

Matt
Triple Stumper
    $1600 29
Keith Carradine

Triple Stumper
    $2,000 6
(Matt: Who is Othello?)

Hamlet

Matt
    $1600 9
Spindletop

Triple Stumper
    $2000 20
pancreas

Seth
    $2000 25
(Alex: Minute to go now.)

Brazil

Matt
    $2000 18
Muscat

Triple Stumper
    $2000 30
Chelsea Clinton

Matt
    $2000 7
Adonis

Seth
    $2000 11
top quark

Triple Stumper

Scores at the end of the Double Jeopardy! Round:

Seth Matt Carol
$12,600 $12,600 $4,400

[wagering suggestions for these scores]

Final Jeopardy! Round responses

5-LETTER WORDS
[The famous one was issued against Salman Rushdie in 1989.]
...
(Alex: We may see Seth in our Tournament of Champions. $106,000 is a lot of money!)
CarolWhat is a fatwa?
$4,400
MattWhat is a fatwa?
$12,600
SethWhat is Jihad
$12,600
fatwa

Final scores:

Seth Matt Carol
$0 $25,200 $8,800
3rd place: $1,000 New champion: $25,200 2nd place: $2,000

Game dynamics:

Coryat scores:

Seth Matt Carol
$12,600 $15,600 $6,000
17 R,
0 W
20 R,
6 W
(including 2 DDs)
9 R,
1 W
(including 1 DD)

Combined Coryat: $34,200

[game clues] [game scores] [suggest correction]

Game tape date: 2003-03-04
The J! Archive is created by fans, for fans. Scraping, republication, monetization, and malicious use prohibited; this site may use cookies and collect identifying information. See terms. The Jeopardy! game show and all elements thereof, including but not limited to copyright and trademark thereto, are the property of Jeopardy Productions, Inc. and are protected under law. This website is not affiliated with, sponsored by, or operated by Jeopardy Productions, Inc. Join the discussion at JBoard.tv.